00786cam a22002413a 45000010005000000030006000050050017000110080041000280400015000690420007000840500010000911000032001012450090001332600029002235060030002525160020002826530022003026530051003246530051003756530049004268300028004758560041005031351PGUSA20140828083000.0980601s1998||||xxu|||||s|||||000 | eng d aPGUSAbeng adc 4aF10011 aTrueman, Howard,d1837-190814aThe Chignecto Isthmus and Its First Settlersh[electronic resource] /cHoward Trueman bProject Gutenberg,c1998 aPublic domain in the USA. aElectronic text aCanada -- History aChignecto Isthmus (N.B. and N.S.) -- Genealogy aChignecto Isthmus (N.B. and N.S.) -- Biography aChignecto Isthmus (N.B. and N.S.) -- History 0aProject Gutenbergv135140uhttp://www.gutenberg.org/ebooks/1351